000 01046nam a22002777a 4500
001 BD-DhSAU 8863
003 BD-DhSAU
005 20181220110055.0
008 150420b2011 bg ||||| m||| 00| 0 eng d
040 _aBD-DhSAU
082 _222
_a635
_bJ93
100 _eRegistration # 05-01627
_aJuel, Md. Al-Amin
245 _aGrowth and yield of tomato as influenced by GA3 and pruning /
_bMS thesis
_cMd. Al-Amin Juel
260 _aSher-e-Bangla Agricultural University :
_bDepartment of Horticulture,
_c2011.
300 _aviii, 51 p. :
_c30 cm.
_bill. ;
500 _aMS thesis of Department of Horticulture, Faculty of Agriculture, Sher-e-Bangla Agricultural University, Dhaka
504 _aIncludes bibliographical reference.
590 _aJerin
650 _aHorticulture
650 _atomato
650 _a pruning
700 _aAkand, Md. Hasanuzzaman
_eSuperviser
700 _a Islam, Md. Nazrul
_eCo-superviser
856 _uhttp://archive.saulibrary.edu.bd:8080/xmlui/handle/123456789/499
942 _2ddc
_cTHESIS
999 _c8863
_d8863